Normal view MARC view

Entry Personal Name

Number of records used in: 1

001 - CONTROL NUMBER

  • control field: 10597

003 - CONTROL NUMBER IDENTIFIER

  • control field: DLC

005 - DATE AND TIME OF LATEST TRANSACTION

  • control field: 20250702105333.0

008 - FIXED-LENGTH DATA ELEMENTS

  • fixed length control field: 910104n| azannaabn |a aaa c

010 ## - LIBRARY OF CONGRESS CONTROL NUMBER

  • LC control number: nr 91000347

035 ## - SYSTEM CONTROL NUMBER

  • System control number: (OCoLC)oca02874480

040 ## - CATALOGING SOURCE

  • Original cataloging agency: NjP
  • Language of cataloging: eng
  • Description conventions: rda
  • Transcribing agency: NjP
  • Modifying agency: NjBlaOCU
  • Modifying agency: DLC

046 ## - SPECIAL CODED DATES

  • Birth date: 1940-03-15

100 1# - HEADING--PERSONAL NAME

  • Personal name: Evens, T. M. S.

400 1# - SEE FROM TRACING--PERSONAL NAME

  • Personal name: Evens, Terry

670 ## - SOURCE DATA FOUND

  • Source citation: Transcendence in society, 1990:
  • Information found: t.p. (T.M.S. Evens, Dept. of Sociology, Univ. of N. Carolina, Chapel Hill)

670 ## - SOURCE DATA FOUND

  • Source citation: Anthropology as ethics, 2008:
  • Information found: t.p. (T.M.S. Evens) p. 4 of cover (T.M.S. (Terry) Evens; Ph.D. at the Univ. of Manchester in 1971)

670 ## - SOURCE DATA FOUND

  • Source citation: Reflecting on reflexivity, 2015:
  • Information found: E-CIP (Terry Evens data view (b. Mar. 15, 1940, T. M. S. (Terry) Evens is Prof. Emeritus of Anthropology at the Univ. of North Carolina, Chapel Hill)

Powered by Koha